000 01131nam a2200289Ia 4500
001 ebr10731790
003 CaPaEBR
006 m o u
007 cr cn|||||||||
008 100604s1970 enk sb 001 0 eng d
020 _z9780227171455
020 _z9780227900048
040 _aCaPaEBR
_cCaPaEBR
035 _a(OCoLC)857070593
050 1 4 _aBX9334.T66
_bP87 1970eb
100 1 _aToon, Peter,
_d1939-2009.
245 1 0 _aPuritans, the millennium and future of Israel
_h[electronic resource] :
_bpuritan eschatology 1600 to 1660 /
_cPeter Toon.
260 _aCambridge :
_bJames Clarke,
_c1970.
300 _a157 p.
504 _aIncludes bibliographical references and index.
533 _aElectronic reproduction.
_bPalo Alto, Calif. :
_cebrary,
_d2013.
_nAvailable via World Wide Web.
_nAccess may be limited to ebrary affiliated libraries.
650 0 _aPuritans
_xHistory.
650 0 _aPuritans
_zIsrael.
655 7 _aElectronic books.
_2local
710 2 _aebrary, Inc.
856 4 0 _uhttp://site.ebrary.com/lib/rucke/Doc?id=10731790
_zAn electronic book accessible through the World Wide Web; click to view
999 _c150473
_d150473